Spracovanie a vlastnosti biodegradovateľných polymérov a ich zmesí
Saved in:
| Main Author: | |
|---|---|
| Format: | Manuscript Book |
| Language: | Slovak |
| Published: |
Bratislava :
STU v Bratislave FCHPT,
2003
|
| Edition: | Obháj.: 16.3.2004 |
| Tags: |
No Tags, Be the first to tag this record!
|
MARC
| LEADER | 00000ntm a22000003a 4500 | ||
|---|---|---|---|
| 001 | stu89636 | ||
| 005 | 20150617225623.1 | ||
| 008 | 040823s2003----xo------------------slo-d | ||
| 040 | |a STU |b slo | ||
| 041 | 0 | |a slo | |
| 044 | |a xo | ||
| 080 | |a 678.745.2(043.5) | ||
| 100 | 1 | |a Alexy, Pavel, |d 1961- |4 aut |u C9370 |U FCHPT Ústav prírodných a syntetických polymérov |T FCHPT Oddelenie plastov a kaučuku |X 3899 |U C9370 |Y 128 |7 A000003899 | |
| 245 | 1 | |a Spracovanie a vlastnosti biodegradovateľných polymérov a ich zmesí | |
| 250 | |a Obháj.: 16.3.2004 | ||
| 260 | |a Bratislava : |b STU v Bratislave FCHPT, |c 2003 | ||
| 300 | |a 151 s. Tab.,grafy,lit | ||
| 500 | |a Katedra plastov a kaučuku | ||
| 996 | |b 284C030595 |c C*H114 |l CCI |s A |a 24 |w stu89636_0001 | ||